Mort subite Les enfants des années 50 - Statistiques

Statistiques générales
  • Ce quiz a été pris 57 fois
  • Le résultat moyen est 4 sur 40
Answers on the Grid
Answers color-coded by a green-red scale on the quiz's grid according to % correct below.
Nicolas Peyrac
Claude Sérillon
Karl Zéro
Desireless
Coline Serreau
Oprah Winfrey
Agnès Jaoui
Gérard Holtz
Jeane Manson
Kenneth Branagh
Catherine Lara
Karen Cheryl
Axel Bauer
Yolande Folliot
Yann Queffélec
Didier Lockwood
Joëlle Ursull
Alain Chabat
Francis Perrin
Xavier Deluc
Marie-Ange Nardi
Richard Berry
Lucien Jean-Baptiste
Bruno Masure
François Valéry
Gérard Vives
Clémentine Célarié
Richard Gere
Antoine Duléry
Julie Jézéquel
Laurent Fabius
Jodie Foster
Michel Boujenah
Anny Duperey
Julie Pietri
Véronique Sanson
Frédérick Gersal
Patrick Bosso
Didier Auriol
Laurent Fabius
Angela Merkel
Valérie Lemercier
Renaud
Gérard Depardieu
Michèle Bernier
Viktor Lazlo
Isabel Otero
Jean-Yves Berteloot
Mireille Mathieu
Frédéric François
Kim Basinger
Daniel Guichard
Björn Borg
Brad Pitt
Sarah Ferguson
Gilbert Montagné
Sheila
Yves Calvi
Nicolas Canteloup
Ségolène Royal
Patrick Sabatier
Jackie Chan
Carole Bouquet
Eva Darlan
Francis Lalanne
Philippe Conticini
Alain Juppé
Hugh Laurie
Antonio Banderas
François Cluzet
Jean-Jacques Goldman
Christine Lagarde
Claire Nadeau
Guy Savoy
Jean Reno
Jakie Quartz
Marie-Anne Chazel
Bernard Werber
Arielle Dombasle
Laurence Boccolini
 
Statistiques - réponses
Réponse % Correct
1958 Alain Chabat
50%
1952 Michel Boujenah
50%
1952 Renaud
50%
1950 Richard Berry
33%
1954 Angela Merkel
17%
1950 Claude Sérillon
17%
1957 Clémentine Célarié
17%
1952 Desireless
17%
1955 François Cluzet
17%
1954 François Valéry
17%
1950 Jeane Manson
17%
1951 Jean-Jacques Goldman
17%
1955 Julie Pietri
17%
1955 Karen Cheryl
17%
1953 Kim Basinger
17%
1951 Patrick Sabatier
17%
1953 Ségolène Royal
17%
1959 Antoine Duléry
0%
1953 Arielle Dombasle
0%
1956 Björn Borg
0%
1957 Carole Bouquet
0%
1956 Christine Lagarde
0%
1958 Didier Auriol
0%
1956 Didier Lockwood
0%
1958 Francis Lalanne
0%
1950 Frédéric François
0%
1957 Frédérick Gersal
0%
1951 Gilbert Montagné
0%
1953 Guy Savoy
0%
1959 Hugh Laurie
0%
1954 Jackie Chan
0%
1955 Jakie Quartz
0%
1957 Jean-Yves Berteloot
0%
1951
Marie-Anne Chazel
0%
1956 Michèle Bernier
0%
1954 Oprah Winfrey
0%
1959 Sarah Ferguson
0%
1958 Xavier Deluc
0%
1952 Yolande Folliot
0%
1959 Yves Calvi
0%
Aucun quiz correspondant
Distribution des résultats
% des personnes avec chaque résultat
Percentile par nombre de réponses
Votre historique - résultats
Vous n’avez pas pris ce quiz